Teoría microeconómica / (Registro nro. 5432)

Detalles MARC
000 -LEADER
fixed length control field 01179nam a2200289Ia 4500
003 - CONTROL NUMBER IDENTIFIER
control field OSt
005 - DATE AND TIME OF LATEST TRANSACTION
control field 20200604115157.0
008 - FIXED-LENGTH DATA ELEMENTS--GENERAL INFORMATION
fixed length control field 191128s1974 sp gr 000 0 spa d
020 ## - INTERNATIONAL STANDARD BOOK NUMBER
International Standard Book Number 8420620947
040 ## - CATALOGING SOURCE
Original cataloging agency CO-JMCR
Transcribing agency CO-JMCR
041 0# - LANGUAGE CODE
Language code of text/sound track or separate title spa
082 04 - DEWEY DECIMAL CLASSIFICATION NUMBER
Classification number 330.1 /
Item number B595t
Edition number 23
100 1# - MAIN ENTRY--PERSONAL NAME
Personal name Bilas, Richard A.,
Relator term autor
9 (RLIN) 4938
245 10 - TITLE STATEMENT
Title Teoría microeconómica /
Statement of responsibility, etc. Richard A. Bilas ; versión española de José Vergara
260 ## - PUBLICATION, DISTRIBUTION, ETC.
Place of publication, distribution, etc. Madrid :
Name of publisher, distributor, etc. Alianza,
Date of publication, distribution, etc. 1974
300 ## - PHYSICAL DESCRIPTION
Extent 467 páginas :
Other physical details gráficos a blanco y negro ;
Dimensions 19 cm.
490 0# - SERIES STATEMENT
Series statement Alianza universidad
500 ## - GENERAL NOTE
General note Incluye índice alfabético páginas 455-465.
505 ## - FORMATTED CONTENTS NOTE
Formatted contents note Algunas cuestiones fundamentales para el análisis de la demanda y la oferta – Teoría de la demanda del consumidor: análisis basado en la utilidad marginal – Teoría de la demanda del consumidor: análisis basado en las curvas de indiferencia
534 ## - ORIGINAL VERSION NOTE
Introductory phrase Microeconomic theory
546 ## - LANGUAGE NOTE
Language note Traducido del inglés
650 14 - SUBJECT ADDED ENTRY--TOPICAL TERM
Topical term or geographic name entry element Microeconomía
9 (RLIN) 4939
650 24 - SUBJECT ADDED ENTRY--TOPICAL TERM
Topical term or geographic name entry element Teoría económica
9 (RLIN) 4940
650 24 - SUBJECT ADDED ENTRY--TOPICAL TERM
Topical term or geographic name entry element Precio Modelos de mercado
General subdivision Demanda
9 (RLIN) 4941
700 1# - ADDED ENTRY--PERSONAL NAME
Personal name Vergara, José,
Relator term traductor
9 (RLIN) 4942
942 ## - ADDED ENTRY ELEMENTS (KOHA)
Source of classification or shelving scheme Dewey Decimal Classification
Koha item type Books
Existencias
Withdrawn status Lost status Source of classification or shelving scheme Materials specified (bound volume or other part) Damaged status Not for loan Home library Current library Shelving location Date acquired Source of acquisition Coded location qualifier Total Checkouts Full call number Barcode Date last seen Copy number Price effective from Koha item type
    Dewey Decimal Classification Donación--15/04/2018--     Biblioteca Pública José María del Castillo y Rada Biblioteca Pública José María del Castillo y Rada General Stacks 11/28/2019 Donación $0.   330.1 / B595t 430001902 05/16/2024 Ej.1 11/28/2019 Books